| 000 | 00567cam a2200193 a 4500 | ||
|---|---|---|---|
| 001 | 000006416 | ||
| 005 | 20200929153928.0 | ||
| 008 | 000119s1999 ec 001 p spa | ||
| 020 | _a997887187X | ||
| 040 |
_aDO-SdBNP _dBNPHU |
||
| 082 |
_a813.54 _bM516d |
||
| 100 | 1 |
_aMejía Urrutia, Rosario, _d1958- _917830 |
|
| 245 | 1 | 3 |
_aEl duelo / _cCharo Mejía Urrutia. |
| 260 |
_aQuito : _bEl conejo, _c1999. |
||
| 300 |
_a151 p. ; _c20 cm. |
||
| 650 | 4 |
_aNovela estadounidense _9262 |
|
| 650 | 4 |
_aLiteratura estadounidense _ySIGLO XX _96874 |
|
| 910 | _aCatalogación derivada | ||
| 999 |
_c6211 _d6211 |
||